| 000 | 00572cam a22001934a 4500 | ||
|---|---|---|---|
| 005 | 20141119151423.0 | ||
| 008 | 050401s2004 nyu c 000 1 eng | ||
| 010 | _a2005272499 | ||
| 020 | _a0439543428 | ||
| 050 | 0 | 0 |
_aPZ 7 _b.F96624 2005 |
| 100 | 1 | _aFunke, Cornelia Caroline. | |
| 240 | 1 | 0 |
_aDrachenreiter. _lEnglish. |
| 245 | 1 | 0 |
_aDragon rider / _cCornelia Funke ; translated by Anthea Bell. |
| 260 |
_aNew York : _bScholastic, _c2005. |
||
| 300 |
_a536 pages : _billustrations ; _c20 cm. |
||
| 700 | 1 | _aBell, Anthea. | |
| 740 | 0 | _aDrachenreiter. | |
| 942 |
_2lcc _cBK |
||
| 999 |
_c276829 _d276829 |
||